Ends in 'AI' to 'ZI' II Quiz Stats

 Plays Quiz Updated Jul 19, 2012

Challenge
Share
Tweet
Embed
Score 0/26 Timer 06:00
5 Plays Today
Hint Answer % Correct
Disney's deerBambi
98.8%
Coke rivalPepsi
93.3%
Japanese paper-folding artorigami
89.9%
Oceanic island nationFiji
85.1%
Celebrity photographersPaparazzi
84.4%
City with the world's tallest buildingDubai
82.5%
Genre of Ray Bradbury and Arthur C. ClarkeSci-fi
81.3%
Nickname for a New Zealanderkiwi
80.9%
Legendary Hungarian-born magicianHoudini
78.6%
City at the foot of Mount VesuviusPompeii
78.2%
Jellystone's ursine basket thiefYogi
77.4%
Capital city of TaiwanTaipei
73.8%
Official language of Kenya and TanzaniaSwahili
64.6%
Hint Answer % Correct
To let one know, for shortFYI
61.9%
Home to Biloxi and TupeloMississippi
60.4%
Mathematician known for 0,1,1,2,3,5...Fibonacci
53.8%
Composer of Aida and RigolettoVerdi
51.8%
Sitarist ShankarRavi
51%
Site of Apollo's OracleDelphi
50.7%
Maker of the Testarossa or CaliforniaFerrari
40.9%
Island southeast of Moloka'iMaui
40.5%
1952 Summer Olympics hostHelsinki
38%
Soccer announcer and former US star LalasAlexi
34.6%
'The masses', from the Greek phrasehoi polloi
33.4%
Tanzanian National Park/Wildlife ReserveSerengeti
27.9%
Capital of XinjiangÜrümqi
7.3%

You're not logged in!

Compare scores with friends on all Sporcle quizzes.
Join for Free
OR
Log In

You Might Also Like...

Show Comments

Extras

Top Quizzes Today


Score Distribution

Your Account Isn't Verified!

In order to create a playlist on Sporcle, you need to verify the email address you used during registration. Go to your Sporcle Settings to finish the process.

Report this User

Report this user for behavior that violates our Community Guidelines.

Details: